Регионална библиотека "Любен Каравелов" - Русе

Доклад (Запис номер 447081)

MARC детайли
000 -Лидер
Контролно поле с фиксирана дължина 01272nam a2200253 a 4500
003 - Код на организацията, давaща контролен номер
Контролно поле BLK
005 - Дата и час на последна редакция
Контролно поле 20230727123558.0
008 - Елементи от данни с фиксирана дължина
fixed length control field 220304b bu |||||r|||| 00| | bu d
040 ## - Източник на каталожния запис
Идентификатор на билиотеката - собственик на записа BLK
041 ## - Код за език
Код за езика на текст/звукозапис или на отделно заглавие Български
Код за езика КДБФ Български
080 ## - УДК
Текстов определител УДК Санитарно благоустрояване на населените места - Отстраняване и използване на отпадъците, измиване на улиците, обществени тоалети и др.
УДК код - определител по УДК 628.4
УДК определител (062)
УДК - код + определител 628.4(062)
139 ## - Редно поле
Авторски знак Доклад - Д 73
245 ## - Сведения за заглавието
Заглавие Доклад
Подзаглавни данни по проблемите за по-нататъшно разгръщане на общонародното движение за създаване приветлива и културна обстановка, благоустрояване и хигиенизиране в Русенски окръг
Физически носител (вид на носителя) [Малотир. изд.]
260 ## - Област на издателските данни
9 (RLIN) 219284
Място на издаване, разпространение и проч. Русе
Име на издателя, разпространителя и проч. Окр. нар. съвет - Русе
Година на издаване 1978
300 ## - Физическа характеристика
Страници 38 с.
Размери/Мащаб 22 см
380 ## - Жанр
Жанр Техника
500 ## - Общи забележки
Забележка ОК на ОФ - Русе
650 ## - Допълнително описание по предмет – тема
Основно описание – тема или топоним Русе - благоустройство
9 (RLIN) 471157
653 #7 - Ключова дума – ненормативна
9 (RLIN) 185374
Ключова дума доклади
852 ## - Местоположение
Фондова буква Краезнание
Систематично-азбучна сигнатура К 62/Д 73
999 ## - СИСТЕМНИ КОНТРОЛНИ НОМЕРА
Koha biblionumber 447081
Koha biblioitemnumber 447081
942 ## - АРТИКУЛИ
Вид на библиотечния материал Книги
Скрит в OPAC Не
Периодичен библиозапис Да
Koha issues (borrowed), all copies 1
944 ## - СЪЗДАВАНЕ И РЕДАКЦИЯ на ЗАПИСА
Създаване/Редакция Създаване
Дата на регистрацията/редакция 2022-03-04
Служител, извършил регистрацията/редакцията 30556
Статус, дата на статуса Теодора Пейчева-Дянкова
999 ## - СИСТЕМНИ КОНТРОЛНИ НОМЕРА
Koha biblioitemnumber 447081
Наличности
Код за отписване Код за изгубен артикул Източник на класификационната схема Код за повреда Коз за рестрикции Код за отдаване Артикулен № Име на библиотеката - собственик Име на библиотеката, в която се намира в момента Статус (Текущо местоположение) Дата на вписване в системата Местоположение - отдел Цена в лева Систематично азбучна сигнатура Баркод Цена в евро Служебен тип на артикула
  Не е изгубен Universal Decimal Classification Не е повреден само за читалня ползва се в читалня 875648 Регионална библиотека "Любен Каравелов" Русе Регионална библиотека "Любен Каравелов" Русе Краезнание 2022-03-15 Краезнание 1.00 К 62/Д 73 120000868219 0.51 Книги
Vip Innovations Ltd, Rousse, Bulgaria 2025